| 000 | 01753nkc a2200301za 4500 | ||
|---|---|---|---|
| 001 | 84572 | ||
| 003 | OSt | ||
| 005 | 20260423160205.0 | ||
| 007 | kh boc | ||
| 008 | 250410s1909 sp ||||| ||||||0| i|spa d | ||
| 040 |
_cM-RABA _aM-RABA _bspa |
||
| 245 | 0 | 0 |
_aSta. Leocadia azotada _h[Material gráfico] _c/ Manuel Llorente |
| 246 | _aLlevada Santa Leocadia ante Daciano, la mandó azotar | ||
| 260 |
_b[Hauser y Menet] _c, [ca. 1909] |
||
| 300 |
_a1 fotografía _b: gelatina de plata _c; imagen 14 x 16 cm _c; soporte secundario 24 x 30 cm |
||
| 500 | _aFotografía del relieve "Santa Leocadia azotada" de Manuel Llorente, obteniendo el segundo premio de la Academia en Escultura, de segunda clase en el año 1763. Se conserva en el Museo de la Real Academia de Bellas Artes de San Fernando con nº de inventario E-393, | ||
| 500 | _aMontada sobre un soporte secundario de cartón, con texto manuscrito a lápiz en la parte inferior al recto: "Sta. Leocadio azotada. 1763-2ª clase. Premiado con el 1º premio Alfonso Bergaz por 5 votos contra 4". Nota manuscrita al verso a lápiz rojo: "1763-2ª clase". | ||
| 500 | _aFecha probable de la realización de la fotografía realizada por Hauser y Menet. | ||
| 544 | _aArchivo de la Real Academia de Bellas Artes de San Fernando (Le-4-29-1) | ||
| 600 | 1 | 0 |
_aLlorente, Manuel _9111687 |
| 610 | 2 | 4 |
_aReal Academia de Bellas Artes de San Fernando. _975832 |
| 651 | 7 |
_aMadrid _2embne _975182 |
|
| 655 | 7 |
_aFotografías de obras de arte _975675 |
|
| 710 | 2 |
_aHauser y Menet (Madrid) _950978 |
|
| 852 | _jFot-604 | ||
| 856 |
_3Fot-604 _uhttps://archivoybiblioteca.realacademiabellasartessanfernando.com/cgi-bin/koha/opac-retrieve-file.pl?id=294d33d26f9fd89085e1c3d3f90e62a6 |
||
| 942 |
_2ddc _cFOTOGRAFÍA _n0 |
||
| 999 |
_c84572 _d84572 |
||